000
002620000a22000970004500
100
1
_a
Wiens, Hart
245
1
0
_a
Si hablan algoquin, ¿los entenderá Dios?
300
_a
Vol. 54, Núm 240 (1999), Páginas 32-33
773
0
_t
La Biblia de las Américas
942
_c
ANA
999
_c
51525
_d
51525